Sportelli Court of Appeal decision (Record no. 79591)

MARC details
000 -LEADER
fixed length control field 01347cab a22002295a 4500
001 - CONTROL NUMBER
control field L141810
008 - FIXED-LENGTH DATA ELEMENTS--GENERAL INFORMATION
fixed length control field 071221s2007 xxk f 000 0 eng d
035 ## - SYSTEM CONTROL NUMBER
System control number (Sirsi) u141810
041 0# - LANGUAGE CODE
Language code of text/sound track or separate title eng
100 1# - MAIN ENTRY--PERSONAL NAME
Personal name Glanville, Kerry
245 00 - TITLE STATEMENT
Title Sportelli Court of Appeal decision
Remainder of title "there can be no hope with marriage"
260 ## - PUBLICATION, DISTRIBUTION, ETC.
Date of publication, distribution, etc. 2007
490 ## - SERIES STATEMENT
Series statement News on the Block
Volume/sequential designation (36) November 2007, 14-15(2)
520 ## - SUMMARY, ETC.
Summary, etc. Reports on the decision of the Court of Appeal in the case of Earl Cadogan v Sportelli (L141130). The ruling was that hope value is not to be included in the price payable for enfranchisement; that the Lands Tribunal was entitled to reject market evidence it considered to be of no assistance; and it was appropriate for the Lands Tribunal to offer guidance to the Leasehold Valuation Tribunals. Considers the Lords' reasoning in the context of lease extensions. Individual experts' views are also given.
590 ## - LOCAL NOTE (RLIN)
Local note KA
650 24 - SUBJECT ADDED ENTRY--TOPICAL TERM
Topical term or geographic name entry element EARL CADOGAN AND ANOTHER V SPORTELLI AND ANOTHER
650 24 - SUBJECT ADDED ENTRY--TOPICAL TERM
Topical term or geographic name entry element LEASEHOLD REFORM, HOUSING AND URBAN DEVELOPMENT ACT 1993
650 24 - SUBJECT ADDED ENTRY--TOPICAL TERM
Topical term or geographic name entry element COMMONHOLD AND LEASEHOLD REFORM ACT 2002
651 #4 - SUBJECT ADDED ENTRY--GEOGRAPHIC NAME
Geographic name England and Wales
Chronological subdivision 1543-
690 ## - LOCAL SUBJECT ADDED ENTRY--TOPICAL TERM (OCLC, RLIN)
Topical term or geographic name as entry element PROPERTY-RESIDENTIAL PROPERTY-LEASEHOLD RESIDENTIAL PROPERTY-RESIDENTIAL LANDLORD AND TENANT-RESIDENTIAL LEASES-RESIDENTIAL LEASEHOLD ENFRANCHISEMENT
942 ## - ADDED ENTRY ELEMENTS (KOHA)
Suppress in OPAC 0
Holdings
Withdrawn status Lost status Source of classification or shelving scheme Damaged status Not for loan Home library Current library Shelving location Date acquired Total Checkouts Full call number Barcode Date last seen Copy number Price effective from Koha item type
    Dewey Decimal Classification     London London Journal article 21/12/2007   L141810 141810-1001 06/08/2019 1 06/08/2019 Journal article